| 000 | 00492nam a2200169 a 4500 | ||
|---|---|---|---|
| 001 | 000007406 | ||
| 005 | 20200929154147.0 | ||
| 008 | 090908s1990 dr a 001 0 spa d | ||
| 040 |
_aDO-SdBNP _bspa _cBNPHU |
||
| 082 |
_a537.5 _bF656e |
||
| 245 | 0 | 0 |
_aElectrónica básica / _ceditor Pasquales Foglia. |
| 250 | _a2a. ed. | ||
| 260 |
_aSanto Domingo : _bCorripio, _c1990. |
||
| 300 |
_aXXVII, 517 p. : _bil. ; _c27 cm. |
||
| 650 | 4 |
_aElectrónica _920556 |
|
| 700 | 1 |
_aFoglia, Pasquales, _eed. _920578 |
|
| 999 |
_c7187 _d7187 |
||